[Event "Challenge"]
[Site "http://www.queenalice.com/game.php?id=724688"]
[Date "2010.2.2"]
[Round "-"]
[White "MadScot"]
[Black "Esvir"]
[Result "1/2-1/2"]
[WhiteElo "1876"]
[BlackElo "1848"]

1. e4 e5 2. Nf3 d6 3. d4 exd4 4. Nxd4 Nf6 5. Nc3 c5 6. Nf3 Be7 7. Bc4 Bg4 8. O-O
Nc6 9. Re1 O-O 10. h3 Bxf3 11. Qxf3 Nd4 12. Qd3 a6 13. a3 b5 14. Ba2 Nh5 15. Nd5
Bf6 16. Nxf6+ Qxf6 17. c3 Nc6 18. Qd5 Ne5 19. f4 Nxf4 20. Bxf4 Qxf4 21. Qxd6
Rad8 22. Qxc5 Nd3 23. Qe3 Qxe3+ 24. Rxe3 Nxb2 25. Bd5 g6 26. Rb1 Na4 27. c4 bxc4
28. Bxc4 Nc5 29. Rb6 Ra8 30. e5 Rfe8 31. Rc6 Rec8 32. Rxc8+ Rxc8 33. e6 fxe6 34.
Bxe6+ Nxe6 35. Rxe6 a5 36. Ra6 Rc5 37. Ra7 h5 38. Kf1 Rf5+ 39. Ke2 g5 40. g3 g4
41. hxg4 hxg4 42. Rc7 Rf3 43. a4 Rxg3 44. Rc5 Ra3 1/2-1/2

[Event "Challenge"]
[Site "http://www.queenalice.com/game.php?id=736185"]
[Date "2010.2.22"]
[Round "-"]
[White "ORNELAS"]
[Black "MadScot"]
[Result "1/2-1/2"]
[WhiteElo "1747"]
[BlackElo "1875"]

1. d4 d5 2. c3 Nf6 3. Bf4 Bf5 4. Nd2 e6 5. g3 Nc6 6. Bg2 Be7 7. h3 O-O 8. Ngf3
Ne4 9. Nxe4 Bxe4 10. b4 a6 11. O-O Rc8 12. a3 Na7 13. Qd2 Nb5 14. a4 Nd6 15. h4
Nc4 16. Qc1 f6 17. a5 Ra8 18. Bh3 Qd7 19. Ra2 b5 20. Nd2 Nxd2 21. Rxd2 g5 22.
hxg5 fxg5 23. Be3 h6 24. Kh2 Bd6 25. Qe1 Kh7 26. f3 Bg6 27. Rg1 Rf6 28. Bf2 Raf8
29. Qf1 Qf7 30. Bg2 h5 31. Rh1 Kg7 32. Kg1 Rh8 33. Be3 Bxg3 34. Bxg5 Rf5 35. Bh4
Bf4 36. Rb2 Qd7 37. Bh3 Rf7 38. Qf2 Kh6 39. Kf1 Rg8 40. Rg1 Bh7 41. Rxg8 Bxg8
42. Qg2 Rg7 43. Qf2 Qc6 44. Rc2 Bh7 45. Bf6 Bxc2 46. Bxg7+ Kxg7 47. Qg2+ Kh6 48.
Qg8 Bf5 49. Qf8+ Kg5 50. Qd8+ Kh6 51. Qf6+ Bg6 52. Qh8+ Bh7 53. Qf6+ Bg6 54.
Qxf4+ Kg7 55. Qe5+ Kf7 56. Qf4+ Ke8 57. Qf6 Bf7 58. Qh8+ Ke7 59. Qh6 Qxc3 60.
Qg5+ Ke8 61. Qe5 Kd7 62. Qf6 Ke8 63. Bxe6 Bxe6 64. Qxe6+ Kd8 65. Qxd5+ Kc8 66.
Qa8+ Kd7 67. Qd5+ Ke7 68. Qe5+ Kd8 69. Qf6+ Kd7 70. Qe5 Qxb4 71. Qf5+ Kc6 72.
Qe4+ Kd6 73. Qe5+ Kd7 74. d5 Qxa5 75. Qe6+ Kd8 76. Qg8+ Kd7 77. Qf7+ Kc8 78.
Qe8+ Kb7 79. Qc6+ Kb8 80. Qd7 Qa1+ 81. Kf2 Qd4+ 82. Kf1 Qd1+ 83. Kf2 Qd4+ 84.
Kf1 Qd1+ 85. Kf2 Qd4+ 1/2-1/2

[Event "AUTO-ADV-1349"]
[Site "http://www.queenalice.com/game.php?id=757823"]
[Date "2010.4.7"]
[Round "2"]
[White "Tentarius"]
[Black "MadScot"]
[Result "1-0"]
[WhiteElo "2080"]
[BlackElo "1899"]

1. e4 c6 2. d4 d5 3. Nc3 dxe4 4. Nxe4 Bf5 5. Ng3 Bg6 6. Nf3 Nd7 7. Be2 Ngf6 8.
c3 e6 9. O-O Bd6 10. Qb3 Qc7 11. c4 O-O 12. c5 Be7 13. Rd1 Nd5 14. Bd3 Bxd3 15.
Qxd3 N7f6 16. a3 Nf4 17. Qc2 N6d5 18. Ne5 Bf6 19. Bxf4 Nxf4 20. Qe4 Nd5 21. f4
Rad8 22. Rac1 b6 23. cxb6 axb6 24. Rxc6 Qb7 25. Rdc1 Rc8 26. R6c2 Rxc2 27. Rxc2
Rc8 28. Rxc8+ Qxc8 29. Ne2 b5 30. f5 1-0

[Event "AUTO-ADV-1349"]
[Site "http://www.queenalice.com/game.php?id=757824"]
[Date "2010.4.7"]
[Round "2"]
[White "MadScot"]
[Black "Tentarius"]
[Result "0-1"]
[WhiteElo "1890"]
[BlackElo "2089"]

1. e4 c6 2. d4 d5 3. Nc3 dxe4 4. Nxe4 Nd7 5. Nf3 Ngf6 6. Nxf6+ Nxf6 7. Bc4 e6 8.
O-O Be7 9. Re1 O-O 10. Bf4 Nd5 11. Bg3 f5 12. Ne5 Bf6 13. Qe2 f4 14. Bxf4 Nxf4
15. Qe3 Nd5 16. Qh3 Nc7 17. Rad1 Nd5 18. Bd3 g6 19. a3 Nf4 20. Qg3 Bxe5 21. dxe5
Qb6 22. b3 Qc7 23. Bc4 b5 24. Bd3 Bb7 25. Qg5 c5 26. Be4 Bxe4 27. Rxe4 Rf5 28.
Qg4 Raf8 29. g3 Rg5 0-1

[Event "QA-ANNIV-05"]
[Site "http://www.queenalice.com/game.php?id=758919"]
[Date "2010.4.10"]
[Round "4"]
[White "paloberto"]
[Black "MadScot"]
[Result "1/2-1/2"]
[WhiteElo "1899"]
[BlackElo "1908"]

1. d4 d5 2. c4 dxc4 3. Nf3 Nf6 4. e3 Bg4 5. Bxc4 e6 6. h3 Bxf3 7. Qxf3 Nc6 8.
Bb5 Qd6 9. Nc3 Be7 10. Bd2 O-O 11. Rc1 a6 12. Bxc6 Qxc6 13. Qxc6 bxc6 14. a3
Rab8 15. Na4 Rxb2 16. Nxb2 Bxa3 17. Bc3 Nd5 18. Ra1 Bxb2 19. Bxb2 Nb4 20. O-O
Nd5 21. Rxa6 Rb8 22. Ba3 h6 23. Rxc6 g6 24. e4 Nf6 25. e5 Nd5 26. Rfc1 Ra8 27.
Ra1 Ra4 28. Bb2 Rb4 29. Ra2 Rb8 30. Bc1 Nb4 31. Rac2 Nxc6 32. Rxc6 Rb7 33. g3
Kf8 34. Bxh6+ Ke7 35. g4 Kd7 36. Rc5 Rb4 37. Be3 Rb7 38. Kg2 Ke8 39. h4 Kd7 40.
Kg3 Rb8 41. d5 exd5 42. Rxd5+ Ke6 43. Rc5 Rc8 44. h5 c6 45. h6 f5 46. g5 Rc7 47.
f4 Rc8 48. Kf2 Kd7 49. Ke2 Rb8 50. Kd3 Rb3+ 51. Rc3 Rb8 52. Kc4 Rb5 53. Rb3 Ra5
54. Rb7+ Ke6 55. h7 Ra8 56. Rc7 Rh8 57. Kc5 Rxh7 58. Rxh7 1/2-1/2

[Event "Challenge"]
[Site "http://www.queenalice.com/game.php?id=775384"]
[Date "2010.5.14"]
[Round "-"]
[White "ORNELAS"]
[Black "MadScot"]
[Result "0-1"]
[WhiteElo "1618"]
[BlackElo "1920"]

1. b3 e5 2. d4 exd4 3. Qxd4 Nc6 4. Qe4+ Be7 5. Bb2 d5 6. Qe3 Nf6 7. Bxf6 gxf6 8.
Nd2 Be6 9. Qh6 Nb4 10. Rc1 Nxa2 11. Qg7 Nxc1 12. Qxh8+ Bf8 13. Qxh7 Qd7 14. g3
O-O-O 15. Ngf3 Na2 16. Bg2 Nb4 17. O-O Kb8 18. Qh4 Be7 19. c4 dxc4 20. Nxc4 Nc6
21. Qe4 f5 22. Qb1 Bf6 23. Nfd2 Bc3 24. e3 Bxd2 25. Nxd2 Qxd2 26. Bxc6 bxc6 27.
b4 Qd5 28. Qa1 Qb5 29. h4 c5 30. bxc5 Qxc5 31. Rb1+ Ka8 32. Qf6 Rb8 33. Rxb8+
Kxb8 34. Qb2+ Qb6 35. Qh8+ Kb7 36. Qh5 Qb1+ 37. Kg2 Bd5+ 38. f3 Qc2+ 39. Kg1
Qd1+ 40. Kf2 Qd2+ 41. Kg1 Qxe3+ 42. Kg2 Qe2+ 43. Kh3 Bxf3 44. Qxf5 Qg2# 0-1

[Event "Challenge"]
[Site "http://www.queenalice.com/game.php?id=776983"]
[Date "2010.5.17"]
[Round "-"]
[White "colatina"]
[Black "MadScot"]
[Result "0-1"]
[WhiteElo "1799"]
[BlackElo "1908"]

1. d4 d5 2. Nf3 Nf6 3. Bg5 e6 4. e3 Be7 5. Bxf6 Bxf6 6. Bb5+ Bd7 7. Bxd7+ Qxd7
8. O-O O-O 9. Ne5 Qb5 10. f4 Nd7 11. Nxd7 Qxd7 12. Nd2 Rfc8 13. c3 Qb5 14. Qc2
c5 15. Rf3 cxd4 16. exd4 Rc7 17. Rh3 g6 18. g4 Bxd4+ 19. Kh1 Qe2 20. Qd1 Qxd1+
21. Rxd1 Bg7 22. f5 Rac8 23. fxg6 fxg6 24. Nb3 Rd8 25. Nd4 Re7 26. Re3 e5 27. g5
Rde8 28. Rde1 Kf8 29. Kg2 exd4 30. Rf3+ Kg8 31. Rxe7 Rxe7 32. cxd4 Re2+ 33. Kh3
Rxb2 34. Ra3 a6 35. Ra4 Rd2 36. Kg4 Rxd4+ 37. Rxd4 Bxd4 38. h4 Kf7 39. h5 Ke6
40. hxg6 hxg6 41. Kf4 b5 42. Kf3 Kf5 0-1

[Event "CONTEMPLATIF"]
[Site "http://www.queenalice.com/game.php?id=779488"]
[Date "2010.5.22"]
[Round "5"]
[White "zolaweed"]
[Black "MadScot"]
[Result "0-1"]
[WhiteElo "1974"]
[BlackElo "1928"]

1. e4 c6 2. d4 d5 3. Nc3 dxe4 4. Nxe4 Bf5 5. Ng3 Bg6 6. Nf3 e6 7. Bc4 Nd7 8. O-O
Ngf6 9. Re1 Bd6 10. Nf1 O-O 11. Ne5 Nd5 12. c3 Nxe5 13. dxe5 Bc5 14. Be3 Nxe3
15. Nxe3 Qh4 16. Bf1 Rad8 17. Qb3 b6 18. g3 Qg5 19. Bg2 Qxe5 20. Ng4 Qc7 21. Ne5
Rd2 22. Nxg6 hxg6 23. Rf1 Rfd8 24. Rab1 Re2 25. Rbd1 Rxd1 26. Qxd1 Rxb2 27. a4
b5 28. axb5 cxb5 0-1

[Event "Challenge"]
[Site "http://www.queenalice.com/game.php?id=786622"]
[Date "2010.6.6"]
[Round "-"]
[White "jorm"]
[Black "MadScot"]
[Result "1-0"]
[WhiteElo "1871"]
[BlackElo "1918"]

1. e4 c6 2. Nc3 d5 3. exd5 cxd5 4. d4 Nf6 5. Nf3 Bg4 6. Be2 e6 7. Ne5 Bxe2 8.
Qxe2 Be7 9. Qb5+ Nbd7 10. Qxb7 Nxe5 11. dxe5 Nd7 12. f4 O-O 13. b3 Nc5 14. Qb5
Rb8 15. Qe2 Qa5 16. Bd2 Qb6 17. h4 Rfc8 18. g4 Qd8 19. g5 g6 20. h5 Bf8 21.
O-O-O Bg7 22. Rh3 Kf8 23. hxg6 hxg6 24. Rh7 f5 25. Qh2 Kf7 26. Rxg7+ Kxg7 27.
Qh6+ Kf7 28. Qh7+ Kf8 29. Rh1 Ke8 30. Qg7 Qe7 31. Qxg6+ Qf7 32. Rh8+ Ke7 33. Rh7
Rf8 34. Rxf7+ Rxf7 35. Nxd5+ exd5 36. Qd6+ 1-0

[Event "Challenge"]
[Site "http://www.queenalice.com/game.php?id=839576"]
[Date "2010.9.29"]
[Round "-"]
[White "filomenos"]
[Black "MadScot"]
[Result "1-0"]
[WhiteElo "1896"]
[BlackElo "1916"]

1. d4 d5 2. g3 Nf6 3. Bg2 Bf5 4. Nf3 Nc6 5. c3 e6 6. Bg5 Be7 7. Nbd2 h6 8. Bxf6
Bxf6 9. O-O O-O 10. Re1 Qe7 11. e4 Bxe4 12. Nxe4 dxe4 13. Rxe4 Rfd8 14. Qc2 Qd7
15. Rae1 Ne7 16. Ne5 Bxe5 17. Rxe5 c6 18. Bh3 Nd5 19. f4 Qc7 20. f5 exf5 21.
Qxf5 g6 22. Qe4 Nf6 23. Qe3 Nd5 24. Qxh6 Nf6 25. Re7 Qd6 26. Rxb7 Rd7 27. Bxd7
Nxd7 28. Qg5 Nf6 29. Ree7 Rf8 30. Rxa7 Kg7 31. Qe5 Qxe5 32. Rxe5 Nd5 33. c4 Nb6
34. b3 1-0

[Event "Challenge"]
[Site "http://www.queenalice.com/game.php?id=839589"]
[Date "2010.9.29"]
[Round "-"]
[White "MadScot"]
[Black "filomenos"]
[Result "1/2-1/2"]
[WhiteElo "1917"]
[BlackElo "1882"]

1. e4 d5 2. exd5 Qxd5 3. Nc3 Qe6+ 4. Qe2 Qxe2+ 5. Bxe2 c6 6. d4 g6 7. Bf4 Bg7 8.
Nf3 Nf6 9. O-O Bf5 10. Rac1 Nbd7 11. Rfd1 O-O 12. Bd3 Bxd3 13. Rxd3 Rad8 14. Re1
e6 15. Bg5 Nd5 16. Bxd8 Rxd8 17. Nxd5 exd5 18. Rde3 Nf6 19. Ng5 Bh6 20. f4 Bxg5
21. fxg5 Ne4 22. h4 b5 23. c3 Kg7 24. Rf1 Rd7 25. Ref3 Nd2 26. Re1 Nxf3+ 27.
gxf3 a5 28. Kf2 f5 29. Re6 Rc7 30. Ke2 Kf7 31. Re5 Re7 32. Rxe7+ Kxe7 33. f4 a4
34. Kd2 Kd6 35. Kd3 Ke6 1/2-1/2

[Event "QA-ANNIV-05"]
[Site "http://www.queenalice.com/game.php?id=841268"]
[Date "2010.10.3"]
[Round "6"]
[White "MadScot"]
[Black "spacey"]
[Result "1-0"]
[WhiteElo "1900"]
[BlackElo "1932"]

1. e4 e6 2. Nf3 c5 3. Nc3 Nc6 4. Bb5 Nge7 5. O-O g6 6. d3 Bg7 7. Bf4 O-O 8. Qd2
f5 9. Bh6 d5 10. exd5 exd5 11. Rfe1 Bd7 12. Bxg7 Kxg7 13. Ng5 Re8 14. Bxc6 bxc6
15. Na4 Ng8 16. Nxc5 Qf6 17. Nxd7 Qd6 18. Nc5 Qxc5 19. Ne6+ Rxe6 20. Rxe6 Nf6
21. Rae1 a5 22. Re7+ Kg8 23. Qh6 Nh5 24. Qxh7+ Kf8 25. Qf7# 1-0

[Event "QA-ANNIV-05"]
[Site "http://www.queenalice.com/game.php?id=885868"]
[Date "2011.1.13"]
[Round "7"]
[White "arniecoruja"]
[Black "MadScot"]
[Result "0-1"]
[WhiteElo "1777"]
[BlackElo "1882"]

1. d4 d5 2. e3 Nf6 3. Nc3 Bf5 4. Bb5+ c6 5. Bd3 Bxd3 6. Qxd3 e6 7. a3 Nbd7 8.
Nf3 Bd6 9. e4 dxe4 10. Nxe4 Nxe4 11. Qxe4 O-O 12. h4 Nf6 13. Bg5 Nxe4 14. Bxd8
Raxd8 15. O-O Be7 16. h5 h6 17. c3 c5 18. Rad1 cxd4 19. Rxd4 Rxd4 20. Nxd4 Rd8
21. g4 Nd2 22. Re1 Nc4 23. Re2 Bf6 24. Nc2 Nxb2 25. Ne3 Bxc3 26. f4 Nd3 0-1

[Event "QA-ANNIV-05"]
[Site "http://www.queenalice.com/game.php?id=921160"]
[Date "2011.4.3"]
[Round "8"]
[White "MadScot"]
[Black "lrmaster"]
[Result "0-1"]
[WhiteElo "1871"]
[BlackElo "2165"]

1. e4 e5 2. Nf3 d6 3. d4 exd4 4. Nxd4 a6 5. Nc3 h6 6. Bc4 Nf6 7. O-O Be7 8. Re1
O-O 9. Bf4 Nbd7 10. Nf5 Ne5 11. Nxe7+ Qxe7 12. Bb3 Nc6 13. Qe2 Nd4 14. Qd3 Nxb3
15. axb3 Bd7 16. Rad1 Rfe8 17. f3 Qd8 18. Nb1 Bc6 19. c4 Nd7 20. Nc3 Nc5 21. Qc2
Qf6 22. Bg3 Ne6 23. Rd2 Rad8 24. Rde2 Nd4 25. Qd1 Nxe2+ 26. Rxe2 b5 27. Qe1 bxc4
28. bxc4 Qd4+ 29. Bf2 Qxc4 30. Qd1 Rb8 31. Qd2 Bb5 32. Nxb5 axb5 33. Qc2 Qxc2
34. Rxc2 c5 35. Rd2 Ra8 36. Be3 Ra6 37. Kf2 g5 38. g3 f6 39. Rc2 Kf7 40. Bc1 Ke6
41. Ke3 b4 42. f4 Rc6 43. Kd3 Rd8 44. Ke3 Kf7 45. Kf3 Kg6 46. fxg5 hxg5 47. Be3
c4 48. Bd4 d5 49. exd5 Rxd5 50. Be3 Rd3 51. Rd2 Rxd2 52. Bxd2 c3 53. bxc3 bxc3
54. Bc1 Kf5 55. h3 Ke5 56. Ke3 f5 57. Kd3 f4 58. gxf4+ gxf4 59. h4 Kf5 60. h5
Kg4 61. h6 f3 62. h7 Rc8 63. Be3 c2 64. h8=Q Rxh8 65. Kxc2 Kg3 66. Kd2 Re8 0-1

[Event "OS INCLIVEIS"]
[Site "http://www.queenalice.com/game.php?id=925891"]
[Date "2011.4.14"]
[Round "-"]
[White "adelio"]
[Black "MadScot"]
[Result "1-0"]
[WhiteElo "1722"]
[BlackElo "1894"]

1. g3 d5 2. b3 Nf6 3. h3 Nc6 4. a3 e5 5. e3 Bd6 6. d3 O-O 7. Ra2 Re8 8. c3 Bd7
9. g4 h6 10. f3 Qe7 11. e4 dxe4 12. dxe4 Nh7 13. h4 g6 14. Bxh6 Kh8 15. g5 Qd8
16. b4 Bf8 17. Rd2 Re7 18. Bxf8 Nxf8 19. Bh3 Qe8 20. Rhh2 Bxh3 21. Nxh3 Rd8 22.
Ng1 Red7 23. h5 Kg7 24. h6+ Kh7 25. c4 Rxd2 26. Nxd2 Ne6 27. Ne2 Nxg5 28. Qa1
Rxd2 29. f4 exf4 30. Qg7# 1-0

[Event "QA-ANNIV-05"]
[Site "http://www.queenalice.com/game.php?id=953492"]
[Date "2011.6.24"]
[Round "9"]
[White "montelo"]
[Black "MadScot"]
[Result "0-1"]
[WhiteElo "2156"]
[BlackElo "1867"]

1. e4 c5 2. Nf3 d6 3. g3 Nf6 4. Nc3 g6 5. Bg2 Bg7 6. d3 O-O 7. Bg5 Nc6 8. a3 a6
9. O-O Bd7 10. h4 Bg4 11. Bxf6 Bxf6 12. Qd2 Bg7 13. Qf4 Be6 14. Ng5 Qd7 15. Qd2
Bg4 16. Na4 Qc7 17. Nc3 b5 18. Nd5 Qb7 19. c3 a5 20. Qf4 Bd7 21. Nf3 Be6 22. Qg5
b4 23. axb4 axb4 24. Rxa8 Rxa8 25. h5 bxc3 26. bxc3 Bxd5 27. exd5 Ne5 28. Nxe5
Bxe5 29. c4 Ra3 30. Be4 Bf6 31. Qg4 Rb3 32. hxg6 fxg6 33. Kg2 Kg7 34. f4 Qa8 35.
f5 Qe8 36. fxg6 hxg6 37. Qd1 Rb2+ 38. Rf2 Rxf2+ 39. Kxf2 Qf7 40. Qg4 Bd4+ 41.
Kg2 Qf2+ 42. Kh3 Qf1+ 43. Kh4 Bf6+ 44. Qg5 Bxg5+ 45. Kxg5 Qf6+ 46. Kg4 Kh6 47.
Kh3 Kg5 48. Bg2 Qh8# 0-1

[Event "Challenge"]
[Site "http://www.queenalice.com/game.php?id=966360"]
[Date "2011.7.29"]
[Round "-"]
[White "MadScot"]
[Black "Martial"]
[Result "1-0"]
[WhiteElo "1895"]
[BlackElo "1550"]

1. e4 e5 2. Nf3 Nc6 3. Bc4 Nf6 4. d4 Nxe4 5. Nxe5 d6 6. Nxc6 Qf6 7. Qe2 Be7 8.
Nxe7 Qxe7 9. O-O Bf5 10. Re1 O-O 11. f3 Nf6 12. Qxe7 Rae8 13. Qxe8 Rxe8 14.
Rxe8+ Nxe8 15. c3 Nf6 16. Bf4 d5 17. Bb3 h6 18. Na3 a5 19. Nb5 c6 20. Nd6 b5 21.
Nxf5 g5 22. Nxh6+ Kg7 23. Bxg5 Nh7 24. Bf4 a4 25. Bc2 Kf6 26. Bxh7 Ke6 27. Re1+
Kd7 28. Bf5+ Kd8 29. Nxf7# 1-0

[Event "QA-ANNIV-05"]
[Site "http://www.queenalice.com/game.php?id=983042"]
[Date "2011.9.9"]
[Round "10"]
[White "MadScot"]
[Black "pgrzelak"]
[Result "1/2-1/2"]
[WhiteElo "1897"]
[BlackElo "1887"]

1. e4 d5 2. exd5 Qxd5 3. Nc3 Qd8 4. d4 Nf6 5. Nf3 Bf5 6. Be2 e6 7. O-O Nc6 8.
Bf4 Bd6 9. Bxd6 cxd6 10. Bb5 O-O 11. Re1 a6 12. Ba4 Nb4 13. a3 Nbd5 14. Nxd5
Nxd5 15. c4 Nf6 16. Bc2 Bg4 17. h3 Bh5 18. Bd3 Qb6 19. b4 Bxf3 20. gxf3 g6 21.
c5 Qc6 22. Be4 d5 23. Bc2 Qc7 24. Qd3 Qf4 25. Qe3 Qh4 26. Kh2 Nh5 27. Rg1 Nf4
28. Rg3 Qf6 29. Rag1 Rfe8 30. Rg4 Nh5 31. Rg5 Ng7 32. Bd1 Nf5 33. Qe5 Qxe5+ 34.
dxe5 d4 35. Bc2 Red8 36. Bd3 Ne7 37. Rd1 Nd5 38. Rg4 Nc3 39. Rd2 Rab8 40. Bc2
Rd5 41. Rgxd4 Rxd4 42. Rxd4 Nb5 43. Rd3 Kf8 44. a4 Nc7 45. Rd1 Nd5 46. b5 axb5
47. axb5 Nc3 48. Rc1 Nxb5 49. Be4 Nd4 50. Kg2 Nb3 51. Rc3 Nd2 52. Bd3 Rd8 53.
Be2 Rd5 54. f4 Ne4 55. Rc2 Rxc5 56. Rb2 Rc7 57. Bf3 Nc5 58. Kf1 Nd3 59. Rxb7
Rxb7 60. Bxb7 Nxf4 61. Be4 Nxh3 62. Kg2 Ng5 63. Bc6 Ke7 64. Kg3 f6 65. exf6+
Kxf6 66. f4 Nf7 67. Kg4 e5 68. Bd5 exf4 69. Kxf4 h5 70. Kg3 Ne5 71. Kh4 Ng4 72.
Be4 Kg7 73. Bf3 Nf6 74. Kg5 Kf7 75. Be2 Ng4 76. Bd3 Ne5 77. Be4 Kg7 1/2-1/2

[Event "Challenge"]
[Site "http://www.queenalice.com/game.php?id=985542"]
[Date "2011.9.15"]
[Round "-"]
[White "AliceLachmann00"]
[Black "MadScot"]
[Result "0-1"]
[WhiteElo "1173"]
[BlackElo "1897"]

1. e4 c6 2. d4 d5 3. e5 Na6 4. c3 b6 5. Nf3 Nc7 6. Bd3 Ba6 7. Bf4 Bxd3 8. Qxd3
e6 9. b4 Ne7 10. O-O Ng6 11. g3 Nxf4 12. gxf4 g6 13. Ng5 Be7 14. Qg3 Bxg5 15.
fxg5 O-O 16. Nd2 Ne8 17. h4 Ng7 18. f4 Nf5 19. Qh3 Kg7 20. h5 Qe7 21. Nf3 Ne3
22. Rf2 Nf5 23. Nh4 Nxh4 24. Qxh4 Rh8 25. h6+ Kf8 26. Qh3 Ke8 27. Qd3 Qb7 28. c4
dxc4 29. Qxc4 Ke7 30. Rc1 Rac8 31. Rcc2 Rhd8 32. a4 a6 33. a5 bxa5 34. Qc5+ Ke8
35. bxa5 Rd5 36. Qc4 Rxa5 37. Rb2 Rb5 38. Qc3 Rb8 39. Rxb5 cxb5 40. Rc2 Kd7 41.
Kf2 Rc8 42. Qxc8+ Qxc8 43. Rxc8 Kxc8 44. Ke2 Kc7 45. Kd2 Kc6 46. Kc3 a5 47. Kb3
Kd5 48. Kc3 a4 49. Kb4 Kxd4 50. Kxb5 a3 0-1